• 首页
  • 本馆介绍
  • 公告通知
  • 最新文献
  • 馆藏检索
  • 电子资源
  • 读者导购
  • 参考咨询
  • 我的图书馆
  • 登录
  • 详细信息显示
  • 放入我的书架
  • 预约/预借图书
  • 作者相关作品
  • 分类相关作品
  • 丛书相关作品
  • 出版社相关作品

书目信息

  • 表格格式
  • 工作单格式
  • 卡片格式
题名:
防空知识
    
 
作者: 河北省人民防空委员会 编
分册:  
出版信息: 石家庄   河北少年儿童出版社  1996
页数: 91页
开本: 20cm
丛书名:
单 册:
中图分类: E115
科图分类:
主题词: 防空知识
电子资源:
ISBN: 7-5376-1202-1
000 00620nam0 2200193 450
001 0742963214
005 20070725090410.53
010    @a7-5376-1202-1@dCNY1.50
100    @a20070721d1996 km y0chiy0120 ea
101 0  @achi
102    @aCN@b130000
200 1  @a防空知识@Afang kong zhi shi@f河北省人民防空委员会等编@Fhe bei sheng ren min fang kong wei yuan hui deng bian
210    @a石家庄@c河北少年儿童出版社@d1996
215    @a91页@d20cm
606 0  @a防空知识
690    @aE115@v3
701  0 @a河北省人民防空委员会@Ahe bei sheng ren min fang kong wei yuan hui@4编
801  0 @aCN@bPFT@c20070725
905    @a10447@dE115@e38
    
    防空知识/河北省人民防空委员会等编.-石家庄:河北少年儿童出版社,1996
    91页;20cm
    
    
    ISBN 7-5376-1202-1:CNY1.50
    
●
相关链接 在E读中查询图书 在五车中查询图书 在当当中查询图书 在豆瓣中查询图书


正题名:防空知识     索取号:E115/38         预约/预借

序号 登录号 条形码 馆藏地/架位号 状态 备注
1 0767465   207674658   第一样本阅览室/ [索取号:E115/38] 在馆    
唐山师范学院图书馆 欢迎您!
大连网信软件有限公司© 版权所有